000 00689nam a22002177a 4500
003 UA-OsUOA
001 117779
007 ta
008 20160615b un ||||| |||| 00| 0 ukr d
100 _aМельничайко В.
090 _a81
_bМ48
942 _cSA
040 _aUA-OsUOA
_bukr
_cUA-OsUOA
_dUA-OsUOA
245 _aВивчення в школі морфемної будови слова
300 _aС.59-64
955 _a0
041 _aukr
080 _a81
773 0 _w117778
_tУкраїнська мова та література
_dК.
_d2016
_g10
650 7 _a8 Мовознавство. Художня література. Літературознавство
_2UDC
999 _c403805
_d403805